000 00838nam a2200217 i 4500
001 106241
003 ES-MaACL
005 20250827235008.0
007 t|
008 061013s2003 sp ||||1| spa d
080 _a75 Berruguete, Pedro
100 1 _aDíaz Padrón, Matías,
_d1934-2022
_944376
245 1 4 _aUna nueva tabla de la "Natividad" de Pedro Berruguete /
_cMatías Díaz Padrón.
260 _a[Zaragoza] :
_bMuseo e Instituto de Humanidades "Camón Aznar",
_c2003.
300 _ap. 165-168, 407-408 :
_bil. ;
_c24 cm.
500 _aSeparata del: Boletín del Museo e Instituto "Camón Aznar", Nº XCI, 2003.
600 1 4 _aBerruguete, Pedro (
_dca. 1450-1504)
_928402
710 2 _aMuseo e Instituto de Humanidades "Camón Aznar"
_95875
852 _aES-MaACL
_j2206-F-26
_bR.137995
999 _c106241
_d106241